Statystyki dla Miejscowości w gminie Kurów

Kliknij tutaj aby rozwiązać quiz!

Ogólne statystyki

  • Ten quiz został rozwiązany 2 razy
  • Średni wynik to 6 z 18

Statystyki odpowiedzi

#Miejscowość% Poprawnych
3Brzozowa Gać
100%
4Buchałowice
100%
6Dęba
100%
7Klementowice
100%
9Kurów
100%
2Bronisławka
50%
14Posiołek
50%
1Barłogi
0%
5Choszczów
0%
8Kłoda
0%
10Łąkoć
0%
11Marianka
0%
12Olesin
0%
13Płonki
0%
15Szumów
0%
17Wólka Nowodworska
0%
16Wygoda
0%
18Zastawie
0%

Rozkład punktacji

Percentyl według liczby udzielonych odpowiedzi

Procent ludzi z każdym wynikiem

Twoja historia wyników

Nie rozwiązałeś tego quizu